00857nam a2200265 i 450000100060000000300080000600500170001400800410003102000150007203500190008704000320010604100080013808200180014610000330016424500870019725000110028426000310029530000330032650000920035950400420045165000160049365000290050965000160053870000370055429182BD-RjUL20211209051401.0140402s1976 nyua b 001 0 eng b a0471537691 a(BD-RjUL)29267 aDLCcDLCdDLCdBD-RjULbeng aeng00a150bLIP 19761 aLindgren, Henry Clay,d1914-10aPsychology of personal development /cHenry Clay Lindgren and Leonard W. Fisk, Jr. a3d ed. aNew York :bWiley,cc1976. axv, 420 p. :bill. ;c24 cm. aOriginally published in 1953 under title: Psychology of personal and social adjustment. aBibliography: p. 395-412.and indexes. 0aPsychology. 2aPersonality development. 2aPsychology.1 aFisk, Leonard W.,ejoint author.